A teacher's guide to cooperative discipline : (Record no. 14723)
[ view plain ]
| 000 -LEADER | |
|---|---|
| fixed length control field | 00733nam a22002057a 4500 |
| 008 - FIXED-LENGTH DATA ELEMENTS--GENERAL INFORMATION | |
| fixed length control field | 161007b xxu||||| |||| 00| 0 eng d |
| 020 ## - INTERNATIONAL STANDARD BOOK NUMBER | |
| International Standard Book Number | 0886713625 |
| 020 ## - INTERNATIONAL STANDARD BOOK NUMBER | |
| International Standard Book Number | 9780886713621 |
| 050 ## - LIBRARY OF CONGRESS CALL NUMBER | |
| Classification number | LB 3012.2 |
| Item number | .A43 1989 |
| 100 ## - MAIN ENTRY--PERSONAL NAME | |
| Personal name | Albert, Linda |
| 245 ## - TITLE STATEMENT | |
| Title | A teacher's guide to cooperative discipline : |
| Remainder of title | how to manage your classroom and promote self-esteem/ |
| Statement of responsibility, etc. | Linda Albert, Wily Roy and Andy Lepage. |
| 260 ## - PUBLICATION, DISTRIBUTION, ETC. (IMPRINT) | |
| Place of publication, distribution, etc. | Minnesota (circle pines) : |
| Name of publisher, distributor, etc. | AGS, |
| Date of publication, distribution, etc. | 1989. |
| 300 ## - PHYSICAL DESCRIPTION | |
| Extent | x, 165p. : |
| Other physical details | ill. ; |
| Dimensions | 25cm. |
| 500 ## - GENERAL NOTE | |
| General note | Include appendix. |
| 650 ## - SUBJECT ADDED ENTRY--TOPICAL TERM | |
| Topical term or geographic name as entry element | School discipline |
| General subdivision | United States. |
| 650 ## - SUBJECT ADDED ENTRY--TOPICAL TERM | |
| Topical term or geographic name as entry element | Self-esteem. |
| 700 ## - ADDED ENTRY--PERSONAL NAME | |
| Personal name | Roy, Willy |
| 700 ## - ADDED ENTRY--PERSONAL NAME | |
| Personal name | Lepage, Andy |
| 942 ## - ADDED ENTRY ELEMENTS (KOHA) | |
| Source of classification or shelving scheme | |
| Koha item type | Hard Covered Materials |
| Classification part | LB 3012.2 .A43 1989 |
| Withdrawn status | Lost status | Source of classification or shelving scheme | Damaged status | Not for loan | Home library | Current library | Shelving location | Date acquired | Source of acquisition | Total Checkouts | Full call number | Barcode | Date last seen | Date last checked out | Price effective from | Koha item type |
|---|---|---|---|---|---|---|---|---|---|---|---|---|---|---|---|---|
| MACHAKOS UNIVERSITY LIBRARY | MACHAKOS UNIVERSITY LIBRARY | Technical section | 07/10/2016 | Donation (BFA) | 1 | LB 3012.2 .A43 1989 | 26331 | 08/03/2023 | 08/03/2023 | 07/10/2016 | Hard Covered Materials |